000 00464nam a2200157 i 4500
001 102320
003 ES-MaACL
005 20230906183102.0
007 t|
008 051108s1977 sp ||||1| spa d
100 1 _aUreña, Enrique M.
_9112125
245 1 3 _aLa teoría de la sociedad de Freud
_b: represión y libertad /
_cEnrique Menéndez Ureña.
260 _aMadrid :
_bTecnos,
_c1977.
300 _a164 p. ;
_c20 cm.
852 _aES-MaACL
_jA-7454
_bR.96712
999 _c102320
_d102320